Представление документа в формате MARC21

Поле Инд. ПП Название Значение
Тип записи a
Библиографический уровень m
001 Контрольный номер RU/IS/BASE/262111629
005 Дата корректировки 20250425175243.5
084 a Индекс другой классификации/Индекс ББК 28.691.89
090 a Полочн. индекс 28.691.89
x Авторский знак Х 172
100 1_ a Автор Халифман И. А.
q Полное имя Халифман Иосиф Аронович
245 10 a Заглавие Четырехкрылые корсары
c Ответственность оформление Н. Мищенко, В. Освера
260 a Место издания Москва
b Издательство Детская литература
c Дата издания 1982
300 a Объем 320 с.
b Иллюстрации/ тип воспроизводства ил.
336 a Термин вида содержания Текст
337 a Термин типа средства непосредственный
521 0_ a Примеч. о целев. назн. учащиеся
600 14 a Персоналии Малышев Сергей Иванович
650 04 a Основная рубрика биология
a Основная рубрика зоология
653 0_ a Ключевые слова наблюдения
a Ключевые слова насекомые
a Ключевые слова общественные осы
a Ключевые слова одиночные осы
a Ключевые слова осообразные
a Ключевые слова осы
a Ключевые слова осы-полисты
a Ключевые слова среда обитания
a Ключевые слова эволюция
a Ключевые слова эксперименты
a Ключевые слова энтомология
700 12 a Автор Мищенко Н.
e Роль лиц оформитель
700 12 a Автор Освер В.
e Роль лиц оформитель
720 a Наименование подборки Животные (насекомые)
901 t Тип документа m
952 a Тип литературы для КСУ ВШ НПИ